| 000 | nam a22 7a 4500 | ||
|---|---|---|---|
| 999 |
_c30365 _d30365 |
||
| 008 | 190520b xxu||||| |||| 00| 0 eng d | ||
| 040 | _amksu | ||
| 050 |
_aPL 8701 _b.D8 1978 |
||
| 100 |
_aDumila, Faraj O. _d 1937. |
||
| 245 |
_aWasifu wa Moi / _cFaraj Dumila. |
||
| 260 |
_aNairobi : _bKenya Literature Bureau, _c1978. |
||
| 300 |
_a52p. ; _c22cm. |
||
| 650 | _aSwahili poetry. | ||
| 650 | _aMoi, Daniel Arap, 1924- | ||
| 942 |
_2lcc _cAFRICANA _hPL 8701 .D8 1978 |
||